Ambiente e contabilita nazionale : crescita, inquinamento, benessere
Αποθηκεύτηκε σε:
| Κύριος συγγραφέας: | |
|---|---|
| Άλλοι συγγραφείς: | |
| Μορφή: | Βιβλίο |
| Γλώσσα: | Italian |
| Δημοσίευση: |
Bologna :
Il Mulino,
c1993
|
| Σειρά: | Sociologia (Bulzoni editore). 1, Studi e ricerche ;
; 326 |
| Θέματα: | |
| Ετικέτες: |
Προσθήκη ετικέτας
Δεν υπάρχουν, Καταχωρήστε ετικέτα πρώτοι!
|
MARC
| LEADER | 00000nam a2200000 i 4500 | ||
|---|---|---|---|
| 001 | 1/105091 | ||
| 008 | 951009s1993 ita d | ||
| 020 | |a 88-15-04198-2 | ||
| 035 | |l 10013523 | ||
| 040 | |a GR-MY-UA |b gre |e aacr | ||
| 041 | 0 | |a ita | |
| 082 | 0 | |a 338.9 | |
| 100 | 1 | |a Musu, Ignazio. | |
| 245 | 1 | 0 | |a Ambiente e contabilita nazionale : |b crescita, inquinamento, benessere / |c A cura di Ignazio Musu e Domenico Siniscalco |
| 260 | |a Bologna : |b Il Mulino, |c c1993 | ||
| 300 | |a 485 p.; |b ill.; |c 21 cm | ||
| 490 | 1 | |a Sociologia (Bulzoni editore). 1, Studi e ricerche |v ; 326 | |
| 504 | |a Includes bibliographical references | ||
| 650 | 0 | 0 | |a Sustainable development. |
| 650 | 0 | 0 | |a Economic development |x Environmental aspects. |
| 650 | 0 | 0 | |a Environmental policy. |
| 650 | 0 | 0 | |a Macroeconomics. |
| 700 | 1 | |a Siniscalco, Domenico. | |
| 830 | 0 | |a Sociologia (Bulzoni editore). 1, Studi e ricerche ; |v ; 326 | |
| 852 | |a INST |b LESVOS |e 19951009 |h 338.9 AMB |p 005100006535 |q 005100006535 |t BK |y 0 | ||
| 852 | |a INST |b LESVOS |e 19980514 |h 338.9 AMB |p 005100009215 |q 005100009215 |t BK |y 0 | ||
| 909 | |a Λ |b 035271 | ||
| 950 | |a 054-1994-04-12 | ||